• 首页
  • 本馆介绍
  • 公告通知
  • 最新文献
  • 馆藏检索
  • 电子资源
  • 读者导购
  • 参考咨询
  • 我的图书馆
  • 登录
  • 详细信息显示
  • 放入我的书架
  • 预约/预借图书
  • 作者相关作品
  • 分类相关作品
  • 丛书相关作品
  • 出版社相关作品

书目信息

  • 表格格式
  • 工作单格式
  • 卡片格式
题名:
欧也妮.葛朗台高老头
    
 
作者: 巴尔扎克 著 ;傅雷 译
分册:  
出版信息: 北京   人民文学出版社  1992.12
页数: 439页
开本: 19cm
丛书名:
单 册:
中图分类: I565.4
科图分类:
主题词: 文学
电子资源:
ISBN: 7-02-001611-1
000 00671nam0 2200229 450
001 010000469977
005 20120324121646.0
010    @a7-02-001611-1@dCNY4.83
011    @a7-02-001611-1
100    @a20110809d1997 mk y0chiy0121 eb
101 0  @achi@cfre
105    @ay 000ay
106    @ar
200 10 @a欧也妮.葛朗台高老头@9Ou Ye Ni . Ge Lang Tai Gao Lao Tou @f(法)巴尔扎克著@g傅雷译@F(fa)ba er zha ke zhu
210    @a北京@c人民文学出版社@d1992.12
215    @a439页@d19cm
606 0  @a文学
690    @aI565.4@v3
701  1 @a巴尔扎克@9ba er za ke@4著@e法
702  0 @a傅雷@9fu lei@4译
801  0 @aCN@bAzMarc@c20130904
905    @aBZT@dI56@e12@f5@sI56/12
    
    欧也妮.葛朗台高老头/(法)巴尔扎克著/傅雷译.-北京:人民文学出版社,1992.12
    439页;19cm
    
    
    ISBN 7-02-001611-1:CNY4.83
    
●
相关链接 在五车中查询图书 在当当中查询图书 在豆瓣中查询图书


正题名:欧也妮·葛朗台高老头     索取号:I56/12         预约/预借

序号 登录号 条形码 馆藏地/架位号 状态 备注
1 2000102280   2000102280   旧书回溯/ [索取号:I56/12] 在馆    
2 2000114605   2000114605   旧书回溯/ [索取号:I56/12] 在馆    
3 2000114923   2000114923   旧书回溯/ [索取号:I56/12] 在馆    
4 2000115021   2000115021   旧书回溯/ [索取号:I56/12] 在馆    
5 2000116245   2000116245   旧书回溯/ [索取号:I56/12] 在馆    
山东省滨州职业学院图书馆 欢迎您!
大连网信软件有限公司© 版权所有